00485nam a22001217a 4500003000400000082001800004100001800022245019800040260004400238300000700282650003700289653003700326SGT a617.645bE23Y aYadav, Nitish aEffect of biodentine pulpotomy intreatment of pulpally involved carious primary molars using 0.2% chlorhexidine versus 1% sodium hypochlorite as haemostatic agentsbA prospective clinical trial aGurugram, HaryanabSGT Universityc2023 a80 aPediatric & preventive Dentistry aPediatric & preventive Dentistry